01772njm a2200301Ia 4500001000600000003000900006005001700015008004100032040001300073040001300086041001200099999001700111999000900128100001600137100002500153100004300178245003100221250001100252260001100263260006400274300001700338500010300355505061700458650006901075700008001144942001201224952023401236A5924IT-RoPAU20220918181115.0131025s9999 xx 000 0 und d aIT-RoPAU cIT-RoPAU aINGLESE c99360d99360 bn.d. aAA.VV.9794 eAutore musica928288 gCodice autore musica SPICS: 120009796 aUntil the End of the World a1a ed. aLONDON bISLAND RECORDSc1991 [1a Ed.:1991 - Ed. Lingua Orig.: 1991] aCOMPACT DISC aColonna sonora originale del film "Fino alla fine del mondo" di Wim Wenders. Brani di autori vari. aOpening Titles (Darling David) - Sax and Violins (Talking Heads) - Summer Kisses, Winter Tears (Cruise Julee) - Move With Me [(Dub) (Cherry Neneh)] - The Adversary (Crime & The City Solution) - What's Good (Reed Lou) - Last Night Sleep - Fretless (R.E.M.) - Days (Costello Elvis) - Claire's Theme (Darling David) - Till the End of the World [(I'll Love You) (Cave Nick)] - It Takes Time (Smith Patti) - Death's Door (Depeche Mode) - Love Theme (Darling David) - Calling All Angels (Siberry Jane) - Humans From Earth (Burnett T-Bone) - Sleeping In the Devil's Bed (Lanois Daniel) - Until the End of the World (U2) aCOLONNA SONORA [COMPACT DISC]eCodice MATERIA SPICS: 9949928289 aAA.VV.dCodice autore testo/musica SPICS: 12000eAutore testo/musica928290 cCD2ddc 0010406A_5924_00000000000000071aSPICSbSPICSd2013-10-25l0oA5924r2013-10-25 00:00:00w2013-10-25yCDzProgr. Ins.: 304 / N.Vol.: 1 / Copie: 1 - Copia rara: n.d. / date import: 01.01.2014 - By Epidotti, Trombetti, Vaglietti